UM Logo

Journal of Educational Psychology / (Record no. 18142)

MARC details
000 -LEADER
fixed length control field 00456nam a22001457a 4500
003 - CONTROL NUMBER IDENTIFIER
control field OSt
005 - DATE AND TIME OF LATEST TRANSACTION
control field 20230822173857.0
008 - FIXED-LENGTH DATA ELEMENTS--GENERAL INFORMATION
fixed length control field 230822b ||||| |||| 00| 0 eng d
040 ## - CATALOGING SOURCE
Transcribing agency 0
082 ## - DEWEY DECIMAL CLASSIFICATION NUMBER
Classification number DPer 370.15 J826 April-May 2020 v112 no. 3-4
245 ## - TITLE STATEMENT
Title Journal of Educational Psychology /
260 ## - PUBLICATION, DISTRIBUTION, ETC. (IMPRINT)
Place of publication, distribution, etc. Washington,
Name of publisher, distributor, etc. American Psychological Association,
Date of publication, distribution, etc. April- May 2020.
300 ## - PHYSICAL DESCRIPTION
Extent various paging:
Other physical details color illustrations;
Dimensions 30 cm.
942 ## - ADDED ENTRY ELEMENTS (KOHA)
Source of classification or shelving scheme Dewey Decimal Classification
Koha item type Periodicals
Holdings
Withdrawn status Lost status Source of classification or shelving scheme Damaged status Not for loan Collection code Home library Current library Date acquired Total Checkouts Full call number Date last seen Price effective from Koha item type Public note
    Dewey Decimal Classification     Periodicals UM Digos College - LIC UM Digos College - LIC 08/22/2023   DPer 370.15 J826 April-May 2020 v112 no. 3-4 08/22/2023 08/22/2023 Periodicals Periodical Article